MDQL
is popping MORE tags! Check the
thread
!
Quizzes
Events
Quiz Creation
Community
Videos
Private Events
Remove Ads
Sign In
Join for FREE
Feedback
Dark Mode
Quiz Categories
Sports
Geography
Music
Movies
Television
Just For Fun
Miscellaneous
History
Literature
Language
Science
Gaming
Entertainment
Religion
Holiday
For Kids
Quiz Lab
Recent
Popular Today
Quiz Kudos Today
Editor Picks
Curator Picks
Quizzes by...
Day
Popularity
Type
Ratings
Length
Year
Community
Subscriptions
Recent Discussions
Orange Saloon
Badges
Playlists
Quests
Create
Leaderboards
Showdown
Live 5
Trivia Bingo
Activity
Puzzle Library
Sporcle Events
Private Events
Virtual Trivia
Globe League
Become a Host
Pub Owners
SporcleCon
Opinionation
Our Games
Videos
Blog
Mobile Apps
Partnerships
Remove Ads and Go Orange
Feedback
Language
Vocabulary
Begins and Ends
Definition
Spanish
French
German
Italian
Chinese
Latin
Translation
Japanese
Language
Vocabulary
Begins and Ends
Definition
Spanish
French
German
Italian
Chinese
Latin
Translation
Japanese
Random Quiz
Search Sporcle
×
Quiz Lab
Quiz Lab
Language
tiempo
Type in answers that appear in a list
Type in answers that appear in a list
Classic
Best Score? Go Orange.
El Tiempo y Las Estaciones Stats
Can you name the El Tiempo y Las Estaciones?
By
aseney
10m
20 Questions
14 Plays
14 Plays
14 Plays
Comments
Comments
Give Quiz Kudos
Give Quiz Kudos
-
- Ratings
hide this ad
Replay
Link that replays current quiz
Next Quiz
Link to next quiz in quiz playlist
You Got
0%
They Got
Avg Score
56%
Avg Friend Score
Upgrade to see
Score Distribution
Jump to the score distribution portion of the page
Score
0/20
Timer
10:00
0
Plays Today
Hint
Answer
% Correct
el otoño
fall
92.9%
el invierno
winter
85.7%
el verano
summer
78.6%
la primavera
spring
78.6%
Hace calor
It's hot
71.4%
Hace frío
It's cold
71.4%
Llueve
It's raining
71.4%
Hace sol
It's sunny
64.3%
Hace viento
It's windy
64.3%
Nieva
It's snowing
64.3%
Hint
Answer
% Correct
¿Cuál es la fecha?
What's the date
50%
Hace fresco
It's cool
50%
Está nublado
It's cloudy
50%
¿Cuál es la temperatura?
What's the temperature
50%
¿En qué estación es?
In what season
42.9%
¿Qué tiempo hace?
How's the weather
35.7%
Hace buen tiempo
It's good weather
35.7%
Hace mal tiempo
It's bad weather
35.7%
grados
degrees
35.7%
Hay tormentas
There's thunderstorms
7.1%
Quiz Playlist
Details
Report
Send in Message
Add To Playlist
Classic:
Type in answers that appear in a list
Last Updated: Feb 16, 2017
Quiz Scoreboard
CHALLENGE
Sign Up to Join the Scoreboard
Show All
Scores
Hide
Comments
May contain spoilers
Recently Published
Colored Red Africa Blitz
by spor1
Geography
30s
Find the 'City' Movie
by crazypaving
Movies
60s
5x2 Blitz: Bands
by SL_Kpop136
Music
30s
More to Explore
Quiz From the Vault
Featured Blog Post
14 Easter Pick-up Lines to Find Eggs With
hide this ad
You Might Also Like...
Tags
tiempo
Today's Top Quizzes in Language
Browse Language
hide this ad
Top Contributed Quizzes in Language
1
What Word Starts All?
2
Arabic Numerals
3
1-10 Letter F Words III
4
1-10 Letter G Words III
5
1-10 Letter H Words III
6
Weisst du, aus welchen Sprachen diese Wörter stammen?
7
1-10 Letter I Words III
8
Latihan Huruf Hiragana KA KI KU KE KO
9
1-10 Letter M Words III
10
1-10 Letter J Words III
Explore More
Trending Topics
Kpop
Anime
NBA
Disney
Harry Potter
Crossword
Marvel
Puzzle
NFL
Pokémon
Song
The Office
Country
WWE
Soccer
hide this ad
More By:
aseney
Quiz
Plays
Rating
Category
Featured
Created
La Familia, parientes, y mascotas en español
2,878
3.33
Language
Mar 6, 2016
Go verbs en español
2,713
5.00
Language
Apr 26, 2017
Spanish Definite Articles
1,372
4.50
Language
Feb 14, 2016
-ar, -er, and -ir verbs in the present tense
1,348
Language
Feb 17, 2016
Spanish -er/-ir verbs in the present tense
1,301
3.20
Language
Feb 7, 2016
Go to Creator's Profile
Score Distribution
Quiz Creator Spotlight
aseney
Follow
Send a Message
Quizzes Created
-
Created Quiz Play Count
-
More By This Creator
Popular Quizzes Today
1
Colored Red Africa Blitz
2
Find the US States - No Outlines Minefield
3
Find the 'City' Movie
4
5x2 Blitz: Bands
5
The Countries of the World
6
Find the US States
7
Find the Countries of Europe - No Outlines Minefield
8
US States
More Language Quizzes
Three Letter 'E' Words
Published
Trending Quizzes
Colored Red Europe Blitz I
Colored Red Europe Blitz II
Colored Red Africa Blitz II
Colored Red Europe Blitz III
Colored Red Africa Blitz III
Recently Updated
How Do You Spell That?
pecheneg
Godzilla Movies
pecheneg
Grab Bag: 4-10 Letters
pecheneg
2024 March Madness Bracket
pecheneg
Famous TV Couples
Peacemaker
Champions League XIs: Real Madrid
pecheneg
Largest US Cities 1790-2010
pecheneg
Rides in Walt Disney World
pecheneg
Most Oscar Losses (Acting)
pecheneg
Beyoncé Albums
pecheneg
Trending Topics
Crossword
Kpop
NBA
Harry Potter
Marvel
Disney
Anime
WWE
Pokémon
Song
Puzzle
Country
Soccer
The Office
NFL
Your Account Isn't Verified!
In order to create a playlist on Sporcle, you need to verify the email address you used during registration. Go to your
Sporcle Settings
to finish the process.
Report this User
Report this user for behavior that violates our
Community Guidelines
.
Details:
Send Report
Go to the Sporcle.com Mobile Site →
Comments